सूक्ष्‍म अर्थशास्‍त्र (Record no. 20708)

MARC details
000 -LEADER
fixed length control field 00468nam a2200169Ia 4500
008 - FIXED-LENGTH DATA ELEMENTS--GENERAL INFORMATION
fixed length control field 220531s9999 xx 000 0 und d
041 ## - LANGUAGE CODE
Language code of text/sound track or separate title mar
100 ## - MAIN ENTRY--PERSONAL NAME
Personal name चव्‍हाण बी. जी.
9 (RLIN) 33438
245 ## - TITLE STATEMENT
Title सूक्ष्‍म अर्थशास्‍त्र
250 ## - EDITION STATEMENT
Edition statement 1ST
260 ## - PUBLICATION, DISTRIBUTION, ETC. (IMPRINT)
Name of publisher, distributor, etc. Mayoora
Date of publication, distribution, etc. 1994
300 ## - PHYSICAL DESCRIPTION
Extent 175
542 ## - INFORMATION RELATING TO COPYRIGHT STATUS
Copyright holder 01-01-2010
650 ## - SUBJECT ADDED ENTRY--TOPICAL TERM
Topical term or geographic name as entry element Economics
9 (RLIN) 33439
906 ## - LOCAL DATA ELEMENT F, LDF (RLIN)
d 2009-2010
-- 2015-2016
f 3976
Holdings
Withdrawn status Lost status Source of classification or shelving scheme Damaged status Not for loan Collection code Home library Current library Date acquired Vendor Cost, normal purchase price Total Checkouts Total Holds Full call number Barcode Date last seen Bill Date Koha item type Original Barcode
Withdrawn   Dewey Decimal Classification       Shri Siddhivinayak Mahila Mahavidyalaya Shri Siddhivinayak Mahila Mahavidyalaya 01/01/2010 Vaibhav 35.00   1 /-/B/1689 SSMM-BK-1689 06/08/2022 06/08/2022 Books 010001689